Представление документа в формате RUSMARC

ПолеНазваниеЗначение
  Тип записи a
  Библиографический уровень a
001 Контрольный номер RU/CBS_UL/BASE/4a64a9a7a3634919b468d8b0a7311a94
005 Дата корректировки 20260224160833.6
100 Данные общей обработки __
a Данные общей обработки 20260224 ||| 0rusy0189 ca
101 Язык документа 0_
a Язык текста rus
102 Страна публикации __
a Страна публикации RU
200 Заглавие и сведения об ответственности 1_
a Заглавие Почему хохотали рабочие Волгограда
e Сведения, относящиеся к заглавию [о том, при каких обстоятельствах демонтировали статую И. Сталина на Волго-Доне]
f Первые сведения об ответственности С. Экштут
300 Общие примечания __
a Общие примечания 16+
320 Библиография __
a Библиография Библиогр.: с. 22
461 Уровень набора _0
1 2000
a Родина
463 Уровень физической единицы _0
1 2000
a № 2
v С. 17-22 : фот., ил.
1 2101
d 2026
1 001RU/CBS_UL/BASE/79c277401e654ed09818eb16673f0eb1
600 Персоналии _1
a Персоналии (Фамилия) Сталин
b Персоналии (Имя, инициалы) И.В.
606 Тематические рубрики 0_
a Основная рубрика Сталин, Иосиф Виссарионович (1879-1953) - Памятники
610 Ключевые слова 0_
a Ключевые слова вожди светские, культ личности, памятники вождям, демонтаж памятников, социальная философия, философия истории, роль личности в истории, мораль и политика, монументальная пропаганда, история эмоций
686 Индексы других классификаций __
2 Код системы rubbk
a Классификационный индекс 63.3(2)6-8
700 Автор _1
a Фамилия Экштут
b Имя (инициалы) С.
801 Источник записи _0
a Страна RU
b Организация МБУК ЦБС г. Ульяновска
c Дата составления 20260224
g Правила каталогизации RCR
801 Источник записи _1
a Страна RU
b Организация МБУК ЦБС г. Ульяновска
c Дата составления 20260224
g Правила каталогизации RCR
901 Тип документа __
t Тип документа b
w Контрольный № источника RU/CBS_UL/BASE/79c277401e654ed09818eb16673f0eb1
909 Создатель записи __
a Создатель записи lib1